Farm business survey (Record no. 104148)

MARC details
000 -LEADER
fixed length control field 01518cam a2200181 4500
001 - CONTROL NUMBER
control field L129323
008 - FIXED-LENGTH DATA ELEMENTS--GENERAL INFORMATION
fixed length control field 050412n2005 000 0 eng u
035 ## - SYSTEM CONTROL NUMBER
System control number (Sirsi) u129323
041 ## - LANGUAGE CODE
Language code of text/sound track or separate title eng
110 ## - MAIN ENTRY--CORPORATE NAME
Corporate name or jurisdiction name as entry element Department for Environment Food and Rural Affairs
9 (RLIN) 4094
245 ## - TITLE STATEMENT
Title Farm business survey
Remainder of title England
260 ## - PUBLICATION, DISTRIBUTION, ETC.
Place of publication, distribution, etc. London
Name of publisher, distributor, etc. DEFRA
Date of publication, distribution, etc. 2005
520 ## - SUMMARY, ETC.
Summary, etc. The "Farm business survey - England"(FBS) provides data on the financial position and physical and economic performance of farm businesses in England to inform policy decisions on matters affecting farm business and to enable analysis of the impacts of policy options. The primary objective the of survey results is to contrast the performance or other business characteristics of different farm groupings. The FBS provides information on: profitability and performance of farm business; costs; revenues and margins of farms and farm enterprises and location; physical and environmental characteristics of the farm. Offers further data on machinery, labour use and contracting arrangements, assets, liabilities and debt servicing, outputs and costs of non-agricultural farm activities and other sources of farmer/spouse income. Crop and livestock headings are very detailed and costs are recorded at a generally broader level.
590 ## - LOCAL NOTE (RLIN)
Local note IKA150405
690 ## - LOCAL SUBJECT ADDED ENTRY--TOPICAL TERM (OCLC, RLIN)
Topical term or geographic name as entry element ENVIRONMENTAL AND LAND CONSULTANCY-AGRIBUSINESS
856 ## - ELECTRONIC LOCATION AND ACCESS
Uniform Resource Identifier <a href="https://www.farmbusinesssurvey.co.uk/index.html">https://www.farmbusinesssurvey.co.uk/index.html</a>
Public note View the survey free of charge at www.farmbusinesssurvey.co.uk...
942 ## - ADDED ENTRY ELEMENTS (KOHA)
Suppress in OPAC 0
Holdings
Withdrawn status Lost status Source of classification or shelving scheme Damaged status Not for loan Home library Current library Shelving location Date acquired Total Checkouts Full call number Barcode Date last seen Copy number Price effective from Koha item type
    Dewey Decimal Classification     Virtual Virtual Online 12/04/2005   L129323 129323-2001 06/08/2019 1 06/08/2019 Book